000 00319nam a22001457a 4500
008 210426b ||||| |||| 00| 0 eng d
020 _a9780521531870
041 _aeng
080 _a32
082 _a32
100 _a20
101 _aSHP
245 _aInstitutions for the Common Good
_cCronin,B
942 _2udc
_cBK
999 _c56779
_d56779